| 000 | 00565nam a2200193Ia 4500 | ||
|---|---|---|---|
| 008 | 131103s9999 xx 000 0 und d | ||
| 040 | _aLoreto College | ||
| 041 | _aEnglish | ||
| 082 |
_a372.4/DAR _bLCBED/1672 |
||
| 100 | _aD'arcy, Pat | ||
| 245 |
_aReading for meaning _cPat D'arcy |
||
| 260 |
_aLondon _bHutchinson Educational _c1973 |
||
| 300 |
_aV.2 _c 24cm. |
||
| 440 | _aResearch reports from the schools council | ||
| 504 | _aIncludes bibliographical references & index | ||
| 650 | _aElementary education | ||
| 850 | _aLCBED/372.4/DAR | ||
| 942 | _cBK | ||
| 999 |
_c27424 _d77903 |
||